| 000 | 00810nam a22002177a 4500 | ||
|---|---|---|---|
| 999 |
_c15612 _d15612 |
||
| 003 | AR-CdUCM | ||
| 008 | 190429b ||||| |||| 00| 0 spa d | ||
| 040 |
_aMUNICIPALIDAD PROVINCIAL DEL CUSCO _cBIBLIOTECA MUNICIPAL DEL CUSCO |
||
| 082 |
_a985.611 / _bM93 |
||
| 110 |
_aMunicipalidad del Qosqo _96414 |
||
| 245 | _aMi nuevo San Blas / | ||
| 260 |
_aCuzco : _bMunicipalidad del Qosqo, _c1993. |
||
| 300 |
_a53 paginas ; _bIlustraciones, _c20 cm. |
||
| 505 | _aContenido : El barrio de San Blas -- Plazoleta de San Blas -- Características del proyecto -- Tandapata -- Atoqsaycuchi -- Cuesta San Blas... | ||
| 650 |
_aCusco _9772 |
||
| 650 |
_aBarrio de San Blas _934737 |
||
| 650 |
_aHistoria de San Blas _934738 |
||
| 650 |
_aCalles de san blas _934739 |
||
| 942 |
_2ddc _cLIBROS |
||
| 945 |
_awnts _d2019-04-29 |
||